[Event "Metz op 31th"]
[Site "Metz"]
[Date "2013.04.25"]
[Round "9"]
[White "Dgebuadze, Alexandre"]
[Black "Nisipeanu, Liviu Dieter"]
[Result "0-1"]
[WhiteElo "2515"]
[BlackElo "2677"]
[Annotator "Metz Alekhine/Primel,D"]
[PlyCount "122"]
[EventDate "2013.04.20"]
[EventType "swiss"]
[EventRounds "9"]
[EventCountry "FRA"]
[SourceTitle "EXT 2016"]
[Source "ChessBase"]
[SourceDate "2015.10.08"]
[SourceVersion "1"]
[SourceVersionDate "2015.10.08"]
[SourceQuality "1"]
[TimeControl "40/5400:1800+30"]
[WhiteClock "1:30:00"]
[BlackClock "1:30:00"]

1. e4 c5 2. Nf3 e6 3. c3 Nf6 4. e5 Nd5 5. d4 cxd4 6. cxd4 d6 7. exd6 {Rarement
joué aussi tôt et laisser la tension pose davantage de problèmes aux Noirs}
(7. Bc4 $142 Nc6 8. O-O Be7) (7. Nc3 $142 Nxc3 8. bxc3 Qc7 9. Bd2 Nd7) (7. a3
$142 {[%cal Gf1d3]} Bd7 8. Bd3 Bc6) 7... Bxd6 8. Nc3 Nxc3 9. bxc3 Qc7 10. Bd2
Nd7 11. Bd3 b6 $1 {Il vaut mieux retarder le roque} (11... O-O 12. O-O b6 13.
Re1 Bb7 {Managadze,N (2472) -Kotronias,V (2595) GRE-chT 40th 2012 (2.6) 0-1})
12. O-O Bb7 13. Re1 O-O (13... Rc8 $5 {[%cal Gb7f3,Gd6h2] Un coup d'attente
utile pour menacer le gain du P"h2"} 14. h3 O-O) 14. h3 (14. Ne5) 14... Rac8
$11 15. a4 Bf4 $1 {[%cal Gb7f3]} 16. Be3 (16. Bxf4 Qxf4 17. Re3 Nf6 18. Ne5 Nd5
$132 {[%csl Gd5][%cal Gd5e3,Gd5c3];Seitaj,I (2406)-Polgar,J (2681) EU-Cup 18th
Kallithea 2002 (3.1) 0-1}) 16... Nf6 17. Rc1 $146 (17. c4 Rfd8 {Landenbergue,C
(2410)-Cvitan,O (2505) Suhr op 1992 (7) 1/2-1/2}) 17... Rfd8 18. Qe2 Nd5 19. c4
Nb4 (19... Nxe3 $5 20. fxe3 Bg3 21. Rf1 Qe7 $1 {[%csl Rg5]} 22. a5 e5 $1) 20.
Bb1 Bxe3 21. fxe3 Bxf3 $5 (21... Bc6 22. a5) 22. Qxf3 Qc6 23. Qh5 g6 24. Qb5 $1
Qxb5 25. cxb5 (25. axb5 {[%csl Ra7] Plus naturel mais le P"a7" est
relativement facile à défendre alors que le P"c4" va rester sous pression})
25... Nd5 $15 {[%csl Gd5][%cal Gd5e3,Gd5c3]} 26. Kf2 Nc3 27. Kf3 Nxa4 28. Be4
Nc3 $17 29. Bc6 $1 Nd5 30. Rc4 Ne7 31. Rec1 Nxc6 (31... Kg7 {Plus souple car
l'échange ne presse pas.}) 32. Rxc6 Rxc6 33. bxc6 Rc8 34. Kf4 Kf8 35. Kg5 Ke7
$1 {L'arrivée du K Blanc à l'aile-roi n'est pas trop dangereuse} 36. Kh6 Kd6
37. Kxh7 Rxc6 38. Ra1 a5 $17 {[%csl Ga5]} 39. Kg7 Rc7 40. h4 Kd5 41. g4 f5+ 42.
Kxg6 fxg4 43. Rg1 $2 a4 $1 44. h5 a3 45. h6 b5 46. Rb1 g3 $1 $18 {La R Blanche
ne peut pas suivre deux lièvres à la fois.} 47. Rxb5+ Ke4 48. Rb1 g2 49. h7
Rc8 (49... Rxh7 $1 {Gagnait plus vite} 50. Kxh7 Kf3 {[%cal Gf3f2,Ga3a2]}) 50.
Kg7 Kxe3 51. Ra1 Kxd4 52. h8=Q Rxh8 53. Kxh8 e5 54. Kg7 Ke4 55. Kf6 Kf4 56. Ke6
e4 57. Kd5 Kf3 58. Kd4 a2 59. Rc1 e3 60. Kd3 Kf2 61. Rc2+ Kg3 0-1

[Event "Metz op 31th"]
[Site "Metz"]
[Date "2013.07.25"]
[Round "8"]
[White "Degraeve, Jean Marc"]
[Black "Jankovic, Alojzije"]
[Result "1-0"]
[WhiteElo "2567"]
[BlackElo "2537"]
[Annotator "Metz Alekhine/Primel,D"]
[PlyCount "28"]
[EventDate "2013.04.20"]
[EventType "swiss"]
[EventRounds "9"]
[EventCountry "FRA"]
[SourceTitle "EXT 2016"]
[Source "ChessBase"]
[SourceDate "2015.10.08"]
[SourceVersion "1"]
[SourceVersionDate "2015.10.08"]
[SourceQuality "1"]
[TimeControl "40/5400+30:1200+30"]

1. e4 c5 2. c3 d5 3. exd5 Qxd5 4. d4 Nf6 5. Nf3 e6 6. Na3 a6 7. Nc2 (7. Nc4
Nbd7 8. Be2 cxd4 9. Qxd4 Bc5 10. Qxd5 Nxd5 11. Nfe5 b5 12. Nxd7 Bxd7 13. Ne5 f6
14. Nxd7 Kxd7 15. Bf3 Rab8 16. Ke2 Rhd8 17. Rd1 Ke7 18. Bxd5 exd5 19. Be3 Bxe3
20. fxe3 Kd6 21. Rd4 Kc6 22. Rad1 Rd7 23. b3 Re8 24. c4 bxc4 25. bxc4 Red8 26.
cxd5+ Rxd5 27. Rc1+ Kb6 28. Kd3 {1/2-1/2 (28) Plat,V (2455)-Navara,D (2697)
Ledec nad Sazavou 2013}) 7... Nbd7 (7... Nc6 8. Be2 Be7 9. O-O) 8. Be2 Be7 9.
O-O O-O 10. Re1 $146 (10. Bf4 cxd4 11. Nfxd4 Qa5 12. Ne3 Qd8 13. Nc4 Nb6 14.
Nxb6 {1/2-1/2 (14) Ragger,M (2334)-Koneru,H (2485) Chalkidiki 2003}) 10... b5 (
10... b6 {[%cal Gc8b7] Plus souple car les Blancs vont trouver une petite
astuce tactique pour faire pression sur l'aile-dame} 11. Ne3 Qc6 12. Ne5 Qc7
13. N3c4 b5 14. Bf3 Bb7 15. Bxb7 Qxb7 16. Na5 Qb6 17. Nac6 Bd6 18. a4 Qc7 19.
Bf4) 11. c4 $1 bxc4 12. Ne3 Qc6 13. Nxc4 $14 Bb7 14. Bf4 {Suite illisible et
gain Blanc au 49ème coup} (14. Na5 $5) 14... Ne4 (14... cxd4) 1-0

[Event "RUS-ch51"]
[Site "St Petersburg"]
[Date "1998.08.04"]
[Round "8"]
[White "Vorotnikov, Vladislav V"]
[Black "Kharlov, Andrei"]
[Result "0-1"]
[WhiteElo "2440"]
[BlackElo "2575"]
[Annotator "Meulders,R"]
[PlyCount "128"]
[EventDate "1998.07.28"]
[EventType "swiss"]
[EventRounds "11"]
[EventCountry "RUS"]
[SourceTitle "CBM 067"]
[Source "ChessBase"]
[SourceDate "1998.11.30"]
[SourceVersion "2"]
[SourceVersionDate "1998.11.01"]
[SourceQuality "1"]

1. e4 {Hecht} c5 2. c3 d5 3. exd5 Qxd5 4. d4 Nf6 5. Na3 cxd4 6. Nb5 Na6 7. Qxd4
Qxd4 8. Nxd4 e5 9. Bb5+ (9. Bxa6 bxa6 10. Nc2 Bb7 11. f3 Bc5 12. Ne2 Ke7 13.
Be3 Rac8 $11) 9... Nd7 10. Nb3 Nc7 11. Be2 a5 12. a4 Nc5 13. Nxc5 Bxc5 14. Nf3
e4 15. Nd2 f5 16. Nb3 Bb6 17. Be3 Bxe3 18. fxe3 $11 Ke7 19. Nd4 Be6 20. Kd2 $6
{Der K steht hier nicht gut.} (20. Nxe6 Nxe6 21. Bb5 Rhd8 22. Ke2 Nc5 23. Rad1
$11) 20... Raf8 21. Rhf1 Rf6 22. g3 Rd8 23. b4 axb4 24. cxb4 g5 25. Rac1 Rxd4+
$5 26. exd4 Nd5 $44 27. a5 $6 {Ich glaube Weiß hätte den Springer sofort
beseitigen müssen.} (27. Bc4 Nxb4 (27... f4 28. gxf4 gxf4 29. Bxd5 Bxd5 30. Rc5
(30. Rc7+ $2 Kd6 31. Rxh7 Bc4 32. Rg1 e3+ 33. Kc3 f3 34. Kxc4 f2 35. Rhg7 e2
$19) 30... Kd6 31. a5 e3+ 32. Ke2 Bg2 33. Ra1 f3+ 34. Kxe3 f2 35. a6 f1=Q 36.
Rxf1 Rxf1 37. a7 b6 $17) 28. Bxe6 Kxe6 29. Rb1 Nd5 30. Rxb7 $16) 27... f4 28.
gxf4 gxf4 29. b5 f3 30. Bxf3 {Bittere Notwendigkeit, sonst kommt e3+} (30. Bd1
e3+ 31. Ke1 f2+ 32. Ke2 Bg4+ 33. Kd3 Bxd1 34. Rcxd1 Re6 35. Rc1 e2 36. Rxf2
e1=Q 37. Rxe1 Rxe1 $19) 30... exf3 31. a6 bxa6 32. bxa6 Nb6 33. Rc6 Na8 34. Ke3
Rf8 35. Rb1 (35. Rc5 Bg4 36. h3 Bxh3 37. Rxf3 Rxf3+ 38. Kxf3 Be6 39. Rh5 Bg8
40. a7 Kd6 41. Rb5 Bd5+ 42. Kf4 Nc7 43. Rb8 Ne6+ 44. Ke3 Nc7 45. Rd8+ Ke7 46.
Rh8 $16) 35... Kd7 36. Rc5 Kd6 37. a7 Rf7 38. Ra5 Bd5 39. Kf2 Rg7 40. Ra6+ Kc7
41. Rg1 Rd7 42. Rc1+ Kb7 43. Ra5 Kb6 44. Rcc5 Bb7 45. d5 $2 (45. Rcb5+ Kc7 46.
d5 Rf7 47. Ra3 $11) 45... Ba6 46. Kxf3 Rxa7 47. Kf4 Nc7 48. Ke5 Nb5 49. Rxa6+
Kxa6 50. Rc6+ {Hecht: [#] Die Aufgabe von Schwarz ist technisch nicht gerade
leicht, zumal nur der relativ schlecht zu verteidigende Randbauer übrig
geblieben ist. Im 56. Zug wird ein Verbesserungsvorschlag unterbreitet.} Ka5
51. d6 Rg7 52. Kf6 Rg6+ 53. Ke7 Nd4 54. Rc7 Kb6 55. Ke8 h6 56. Rf7 {Hecht:
Hartnäckiger und schwieriger ist jedenfalls} (56. d7 $142 {Hecht} Rg8+ (56...
Re6+ 57. Kd8 Nc6+ 58. Rxc6+ Kxc6 59. Kc8 Rd6 60. d8=Q Rxd8+ 61. Kxd8 Kd6 62. h4
h5 63. Kc8 Ke5 64. Kc7 Kf4 65. Kd6 Kg4 66. Ke5 Kxh4 67. Kf4 $11) 57. Kf7 Rd8 (
57... Kxc7 58. Kxg8 Kxd7 59. Kg7 Nf5+ 60. Kf6 $11) 58. Rc8 Rxd7+ 59. Kg6 Rd6+
60. Kh7 (60. Kh5 Nf5 61. Rf8 (61. Rg8 Kc5 62. Rg6 Kd5 63. Rxd6+ Kxd6 64. Kg6
Ke6 65. h4 Ke5 66. h5 Ke6 67. Kh7 Kf6 $19) 61... Ng7+ 62. Kg4 Rg6+ $19) 60...
Nf3 61. h3 h5 62. Rf8 Ng5+ 63. Kh8 Kc5 64. Rf5+ Rd5 65. Rxd5+ Kxd5 66. Kg7 Nxh3
67. Kg6 Nf4+ 68. Kg5 (68. Kf5 Ne6 $19) 68... Ke4 $19) 56... Rxd6 57. Ke7 Re6+
58. Kf8 Kc6 59. Kg7 Kd5 {Hecht: Im vergleich zu den o.a. Varianten steht hier
der schwarze König wesentlich besser, so daß der Gewinn klar ist.} 60. h4 (60.
Rf6 {Hecht} Rxf6 61. Kxf6 Ke4 62. Kg6 Nf5 63. Kh5 Kf4 64. h4 Kg3 65. Kg6 Kg4
66. h5 Kf4 67. Kf6 Nh4 68. Kg7 Kg5 $19) 60... Ke5 61. Ra7 Nf5+ 62. Kf7 Rf6+ 63.
Kg8 Nxh4 64. Kh7 Nf3 0-1

[Event "Capablanca Memorial Elite 31st"]
[Site "Cienfuegos"]
[Date "1996.??.??"]
[Round "2"]
[White "Becerra Rivero, Julio"]
[Black "Zapata, Alonso"]
[Result "1/2-1/2"]
[WhiteElo "2530"]
[BlackElo "2505"]
[Annotator "Meulders,R"]
[PlyCount "32"]
[EventDate "1996.05.??"]
[EventType "tourn"]
[EventRounds "13"]
[EventCountry "CUB"]
[EventCategory "12"]
[SourceTitle "CBM 054"]
[Source "ChessBase"]
[SourceDate "1996.10.01"]
[SourceVersion "1"]
[SourceVersionDate "1996.10.01"]
[SourceQuality "1"]

1. e4 c5 2. c3 d5 3. exd5 Qxd5 4. d4 Nf6 5. Nf3 e6 6. Na3 Qd8 {Der beste Weg,
um taktischen Scharmuetzeln nach Sb5 aus dem Wege zu gehen. Der beste Weg um
taktischen Scharmuetzeln nach Sb5 zu entgehen.} 7. Nc4 {Blickt nach e5.
Ueblicher ist 7.Sc2, z.B. 7...Le7 8.g3 b6 9.Lg2 Lb7 10.De2 Sbd7 11.0-0 0-0 12.
Td1+=} Be7 8. Be2 O-O 9. O-O Nc6 10. Nce5 Nxe5 11. dxe5 {Gibt sich mit einer
gleichen Stellung zufrieden. Ambitionierter aber riskanter ist 11.Sxe5.} Qxd1
12. Rxd1 Nd5 13. a3 Bd7 14. c4 Nb6 15. b3 Bc6 16. Ne1 Rfd8 1/2-1/2

[Event "RUS-Cup02"]
[Site "Moscow"]
[Date "1998.01.25"]
[Round "5"]
[White "Ivanov, Victor L"]
[Black "Kiselev, Sergey"]
[Result "0-1"]
[WhiteElo "2455"]
[BlackElo "2510"]
[Annotator "Meulders,R"]
[PlyCount "55"]
[EventDate "1998.01.21"]
[EventType "swiss"]
[EventRounds "9"]
[EventCountry "RUS"]
[SourceTitle "CBM 063"]
[Source "ChessBase"]
[SourceDate "1998.03.26"]
[SourceVersion "1"]
[SourceVersionDate "1998.03.26"]
[SourceQuality "1"]

1. e4 c5 2. c3 d5 3. exd5 Qxd5 4. d4 Nf6 5. Nf3 e6 6. Be3 cxd4 7. cxd4 Nc6 8.
Nc3 Qd6 9. a3 Be7 10. Bd3 O-O 11. O-O b6 12. Qe2 Bb7 13. Rad1 Rac8 (13... Rfd8
14. Bg5 (14. Bc1 h6 15. Bb1 Bf8 16. Rfe1 Ne7 17. Ne5 Nf5 18. d5 Nxd5 19. Qh5
Qe7 20. Bxf5 Nxc3 21. bxc3 Rxd1 22. Rxd1 exf5 23. Qxf5 Re8 24. f4 f6 25. Nd3
Qe2 $19 {0-1 Rozentalis,E-Andersson,U/Tilburg blitz 1993/CBM 39 (30)}) (14. Bb1
$6 Rac8 15. Bg5 h6 16. Bh4 $6 (16. Bc1) 16... Qf4 $1 17. d5 exd5 18. Bxf6 Bxf6
19. Nxd5 Rxd5 $1 20. Rxd5 Nd4 21. Rxd4 Bxd4 22. Qd3 $2 (22. Nxd4 $11) 22...
Bxb2 $17 {0-1 Tseitlin,M-Chuchelov,V/EUCup f 1996/CBM 56/[Har Zvi] (30)}) 14...
g6 15. Bb1 (15. Rfe1 Re8 16. Bxf6 Bxf6 17. Ne4 Qe7 18. Nxf6+ Qxf6 19. Be4 Re7
20. Bxc6 Bxc6 21. d5 Bb7 22. Ne5 Bxd5 23. Ng4 Qg5 24. f4 Qxf4 25. g3 Qc4 26.
Nf6+ Kf8 27. Qe3 Qc5 28. Rd4 Kg7 29. Qe5 $18 {1-0 Olafsson,H-Petursson,M/
ISL-ch 1996/EXT 97 (32)}) 15... Rac8 16. Rfe1 Nd5 17. Ne4 Qc7 18. Ba2 Bxg5 19.
Nexg5 Qe7 20. Qd2 Qf6 21. Re4 Rc7 22. Rh4 h5 23. Ne4 Qg7 24. Qg5 f6 25. Nxf6+
Qxf6 26. Bxd5 Qxg5 27. Bxe6+ $16 {1-0 Yurtaev,L-Tal,M/URS Spartakiad 1979/
MCD-ch (38) /+-}) (13... Rad8 14. Bb1 (14. Rfe1 Qb8 15. Bb1 Rd7 16. Bg5 Qd8 17.
Bxf6 Bxf6 18. d5 exd5 19. Nxd5 Nd4 20. Nxf6+ Qxf6 21. Nxd4 Rxd4 22. Rxd4 Qxd4
23. Ba2 {1/2-1/2 Van Mil,J-Sokolov,A/Sonnevanck 1993/CBM 40}) (14. Bg5 g6 (
14... Rfe8 15. Rfe1 Qb8 16. Bb1 Nd5 (16... g6 17. Ba2 Nh5 18. Bh6 Bf6 19. Qe3
Bg7 20. Bxg7 Kxg7 21. Ne5 Nf6 22. h3 Ne7 23. Ng4 Nf5 24. Qe5 Qxe5 25. dxe5 Nxg4
26. hxg4 Nh4 27. Rxd8 Rxd8 28. Ne4 Bxe4 29. Rxe4 Rd2 30. Bc4 Rxb2 $17 {1/2-1/2
Adams,M-Hulak,K/Wijk op 1995/CBM 46 (53)}) 17. Qe4 g6 18. Qh4 Nxc3 19. bxc3 Qd6
20. c4 h5 21. Be4 Na5 22. Bxb7 Nxb7 23. Ne5 Bxg5 24. Qxg5 Qf8 25. Nxg6 fxg6 26.
Qxg6+ Qg7 27. Qxh5 Qf8 28. Qg5+ {1/2-1/2 Ivanov,V-Yakovich,Y/RUS-ch 1994/CBM 44
}) 15. Bc4 Rfe8 16. Rfe1 Nd5 17. Bxd5 $6 exd5 18. Qd2 f6 19. Bf4 Qd7 20. b4 g5
21. Bg3 Bf8 $11 {1-0 Adams,M-Tiviakov,S/PCA-WchQual4 1994/CBM 42/[Tiviakov] 
(42)}) (14. Rfe1 {Van Mil-Tiviakov,S/Tilburg/1992/}) 14... Rfe8 (14... Nd5 15.
Ne4 Qd7 16. Bc1 f5 17. Neg5 Bxg5 18. Nxg5 Nc7 19. Qe3 Nxd4 20. Ba2 h6 21. Nxe6
Ncxe6 22. Bxe6+ Qxe6 23. Rxd4 Qxe3 24. Bxe3 Rxd4 25. Bxd4 {1/2-1/2 Rozentalis,
E-Goldin,A/Vilnius 1988/CBM 07}) 15. Rfe1 Nd5 16. Ne4 Qb8 17. Nfg5 Bxg5 18.
Nxg5 Nf6 19. Qc2 h6 20. Nf3 Ne7 21. Qe2 Qa8 22. Bf4 Nf5 {1/2-1/2 Kudrin,
S-Dlugy,M/USA-ch 1984/MCD-ch}) (13... a6 $2 14. Rfe1 Rfe8 15. Bg5 h6 16. Bxf6
Bxf6 17. Ne4 Qf4 18. g3 Qc7 19. Nxf6+ gxf6 20. Qd2 $18 {1-0 Emms,J-Ahlander,B/
Hillerod Politiken 1995/EXP 46 (29)}) (13... h6 $5 14. Rfe1 Rfd8 15. Bc1 Bf8
16. Ne4 Qe7 (16... Nxe4 17. Qxe4 g6 18. Bb1 Bg7 19. h4 $40) 17. Bb1 g6 18.
Nxf6+ Qxf6 19. Be4 Bg7 20. Qb5 (20. Ne5 $2 Nxd4 21. Rxd4 Qxe5 22. Rxd8+ Rxd8
$19) 20... Rd6 $1 (20... Na5 21. Bxb7 Nxb7 22. b4 $5) 21. Ne5 Rc8 22. Bxc6 Bxc6
23. Qa6 Rc7 24. Be3 Qf5 $1 25. Rc1 Bxe5 $1 26. dxe5 Rd3 $1 $17 (26... Qxe5 27.
Bxh6 $2 Bb5 $3 $19) 27. h3 g5 {0-1 Ivanov,V-Zagrebelny,S/Moscow Petrosian 1995/
CBM 46/[Zagrebelny] (40)}) (13... Rfe8 14. Rfe1 Nd5 (14... g6 15. Bg5 Nd5 16.
Ne4 Qc7 17. h4 f5 $6 (17... Nf4 18. Qe3 Nxd3 19. Rxd3 $36 {[%csl Rf6,Rh6]}) (
17... Bxg5 18. hxg5 {[%csl Rf6]}) (17... Bf8 $5 $13 {[%cal Gf8g7]}) 18. Nc3
Bxg5 19. hxg5 {[%csl Rf6]} Nf4 20. Qe3 Nxd3 21. Qxd3 $14 {1-0 Emms,J-Pedersen,
S/Drury Lane 1997/CBM 60/[Har Zvi] (41) /+/-}) 15. Nxd5 exd5 16. Bg5 g6 17. Bh6
Rad8 18. h3 Qb8 19. Qd2 a6 20. b4 b5 21. Rc1 Ba8 22. Bg5 Bxg5 {1/2-1/2 Short,
N-Tiviakov,S/Wijk 1995/CBM 45}) 14. Rfe1 Rfd8 (14... Nd5 15. Nxd5 exd5 16. Ne5
Nxe5 17. Bf4 Qd7 18. dxe5 Qe6 19. Qf3 Rfe8 20. Qg3 d4 21. h4 h5 22. Bg5 Bxg5
23. Qxg5 Qg4 $2 (23... g6 $14) 24. Qxg4 hxg4 25. Bf5 $16 {1-0 Rozentalis,
E-Mikhalchishin,A/Tirnavia-B 1988/EXT 88 (30)}) (14... Qd8 15. h3 (15. Bg5 Nd5
16. Qe4 g6 17. Qg4 Bxg5 18. Nxg5 Nf6 19. Qh4 Kg7 20. Rxe6 h6 21. Nxf7 Rxf7 22.
d5 Ne7 23. d6 Ned5 24. Qg3 g5 25. h4 Nf4 26. Ree1 N6h5 27. Qg4 Nf6 28. Qf5 Rc5
29. Re5 Bc8 30. Rxc5 Bxf5 31. Rxf5 Qxd6 32. hxg5 hxg5 33. Rxg5+ Kh6 34. Rg3 Rg7
35. Bf1 Qc6 36. Rxg7 Kxg7 37. g3 Ne6 38. Bg2 Qc5 39. Re1 Nd4 40. Re3 Ng4 41.
Re4 Nf3+ {0-1 Rozentalis,E-Gheorghiu,F/SWZ-GP 1991/CBM 22}) 15... g6 16. Bh6
Re8 17. Bc4 Na5 18. Ba2 Nd5 19. Ne4 Nc6 20. h4 Nb8 21. Bc4 Nd7 22. Bb5 Bc6 23.
Ba6 Rc7 24. Ne5 Nxe5 25. dxe5 Bxh4 26. Nd6 Ree7 27. Qg4 Red7 28. Nb5 $16 {
1-0 Janovsky,S-Gheorghiu,F/Biel op 1991/EXP 24 (44)}) 15. Bg5 (15. Bc1 h6 16.
Bb1 {גc2-h7,קh6} Bf8 17. Ne4 Nxe4 18. Qxe4 g6 19. Qh4 {קh6} Qe7 20. Qh3 Qf6
21. d5 $1 (21. Bxh6 Bxh6 22. Qxh6 Nxd4 23. Nxd4 Rxd4 24. Rxd4 Qxd4 $15) 21...
Rxd5 22. Rxd5 exd5 23. Bxh6 Bxh6 24. Qxh6 Rf8 $6 (24... Qxb2 $142) 25. h4 $40 {
1-0 Rozentalis,E-Andersson,U/Tilburg rapid20 1993/CBM 39/[Blatny,P] (42)})
15... h6 (15... Nd5 $4 16. Nxd5 $18 Qxd5 17. Be4 Qd6 18. d5 Na5 19. b4 $1 $18 {
Palkovi,J-Danner,G Budapest 1995 65/149 [Palkovi,J]}) 16. Bh4 $2 {Wie schon
öfter von anderen Kommentatoren angegeben, sollte der Läufer auf der Diagonale
c1-h6 wohnen. In dieser Variante muß Weiß im Angriff gewinnen, sonst wird er
wegen des Isolani d4 verlieren.} Qf4 17. Bg3 Qg4 18. Qe3 (18. h3) 18... Qh5 19.
Ne2 Nd5 20. Qe4 Nf6 21. Qe3 Bd6 $1 {Kein Remis. Schwarz verfolgt ein typisches
Verfahren: er möchte einige leichtfiguren tauschen, damit die Angriffschancen
von Weiß verkleinern und der Nachteil des Isolani vergrößert.} 22. Bxd6 Rxd6
23. Nf4 Qa5 24. Ne5 Ba6 $1 25. b4 Qa4 26. Nc4 Bxc4 27. Bxc4 Ne7 $1 {Greift den
Läufer an und kontrolliert Feld d5, damit Weiß sich seinen Isolani nicht los
werden kann durch d4-d5. Die Partie hat jetzt ein abruptes Ende.} 28. Ba2 (28.
Ba2 Nf5 29. Qe5 Nd7 $1 (29... Qxa3 $6 30. Ra1 Qxb4 31. Nxe6 $1 Nxd4 32. Reb1 $1
Nc6 33. Qg3 Nh5 34. Qh3 Qd2 35. Nxg7 $1 Rcd8 36. Qxh5 $1 Kxg7 37. Qxf7+ Kh8 38.
h3 $16) 30. Qe4 Qxa3 31. Ra1 Qxb4 $19 32. Nxe6 Nxd4 33. Qg4 fxe6 34. Bxe6+ Rxe6
35. Rxe6 Qd2 $19) ({Mit} 28. Bd3 Kf8 (28... Rcd8 29. Bb1 Nc6 30. Ne2 e5 $1 {
wäre nicht besser gewesen.}) 29. Bb1 {liess sich noch Widerstand organisieren.}
) 0-1